| 000 | 00437nam a22001697a 4500 | ||
|---|---|---|---|
| 008 | 210307b xxu||||| |||| 00| 0 eng d | ||
| 020 | _a9789994650651 | ||
| 082 | _a425/K147p | ||
| 100 | _aKarn, R.B. | ||
| 245 |
_aPerfect english grammar and composition. _bbook 6. |
||
| 250 | _a11th. | ||
| 260 |
_aKathmandu: _bKoselee Prakasan, _c2007. |
||
| 300 | _a148p. | ||
| 650 | _aEnglish language | ||
| 650 | _aGrammar | ||
| 942 |
_2ddc _cISBN |
||
| 999 |
_c98824 _d98813 |
||